Le financement de la dépendance en Europe (notice n° 1755011)
[ vue normale ]
| 000 -LEADER | |
|---|---|
| fixed length control field | 01054cam a2200157 4500500 |
| 005 - DATE AND TIME OF LATEST TRANSACTION | |
| control field | 20260322010230.0 |
| 041 ## - LANGUAGE CODE | |
| Language code of text/sound track or separate title | fre |
| 042 ## - AUTHENTICATION CODE | |
| Authentication code | dc |
| 100 10 - MAIN ENTRY--PERSONAL NAME | |
| Personal name | Joël, Marie-Ève |
| Relator term | author |
| 245 00 - TITLE STATEMENT | |
| Title | Le financement de la dépendance en Europe |
| 260 ## - PUBLICATION, DISTRIBUTION, ETC. | |
| Date of publication, distribution, etc. | 1992.<br/> |
| 500 ## - GENERAL NOTE | |
| General note | 99 |
| 520 ## - SUMMARY, ETC. | |
| Summary, etc. | Dans cet article, s’appuyant sur un exposé de la pensée chinoise, l’auteur cherche à attirer la réflexion des lecteurs sur la valeur de l’immanence: le vécu de la situation, la disponibilité au moment, soulignant ainsi la non-dualité du « vivre» qui est processus et transition. Il confirme au passage la Gestalt comme possibilité de sortie du dualisme névrotique de l’occident, en particulier en tant qu’elle ne se contente pas de stimuler la fonction Ego du client mais favorise l’acceptation du « Ça de la situation»... |
| 786 0# - DATA SOURCE ENTRY | |
| Note | Gérontologie et société | 15 / 60 | 1 | 1992-09-01 | p. 41-58 | 0151-0193 |
| 856 41 - ELECTRONIC LOCATION AND ACCESS | |
| Uniform Resource Identifier | <a href="https://shs.cairn.info/revue-gerontologie-et-societe1-1992-1-page-41?lang=fr&redirect-ssocas=7080">https://shs.cairn.info/revue-gerontologie-et-societe1-1992-1-page-41?lang=fr&redirect-ssocas=7080</a> |
Pas d'exemplaire disponible.




Réseaux sociaux